Homme du match à l'Euro 2024 - Statistiques

Statistiques générales
  • Ce quiz a été pris 86 fois
    36 depuis la dernière actualisation
  • Le résultat moyen est 17 sur 51
Statistiques - réponses
Match Score Joueur % Correct
Espagne - France 2 - 1 Lamine Yamal
85%
Serbie - Angleterre 0 - 1 Jude Bellingham
81%
Angleterre - Slovaquie 2 - 1 Jude Bellingham
81%
Belgique - Roumanie 2 - 0 Kevin De Bruyne
78%
Ukraine - Belgique 0 - 0 Kevin De Bruyne
78%
Allemagne - Écosse 5 - 1 Jamal Musiala
70%
Croatie - Italie 1 - 1 Luka Modrić
63%
Autriche - France 0 - 1 N'Golo Kanté
59%
Pays-Bas - France 0 - 0 N'Golo Kanté
59%
Espagne - Géorgie 4 - 1 Rodri
59%
Espagne - Allemagne 2 - 1 Dani Olmo
56%
Portugal - France 0 - 0 pen(3-5) Ousmane Dembélé
56%
Espagne - Italie 1 - 0 Nico Williams
52%
Espagne - Angleterre 2 - 1 Nico Williams
52%
Turquie - Géorgie 3 - 1 Arda Güler
48%
Angleterre - Suisse 1 - 1 pen(5-3) Bukayo Saka
44%
Hongrie - Suisse 1 - 3 Granit Xhaka
41%
Suisse - Allemagne 1 - 1 Granit Xhaka
41%
Pologne - Pays-Bas 1 - 2 Cody Gakpo
37%
Roumanie - Pays-Bas 0 - 3 Cody Gakpo
37%
Géorgie - Portugal 2 - 0 Khvicha Kvaratskhelia
37%
Turquie - Portugal 0 - 3 Bernardo Silva
33%
Espagne - Croatie 3 - 0 Fabián Ruiz
33%
Allemagne - Hongrie 2 - 0 İlkay Gündoğan
30%
France - Belgique 1 - 0 Jules Koundé
30%
Allemagne - Danemark 2 - 0 Antonio Rüdiger
26%
Slovénie - Danemark 1 - 1 Christian Eriksen
22%
Danemark - Serbie 0 - 0 Christian Eriksen
22%
Portugal - Slovénie 0 - 0 pen(3-0) Diogo Costa
22%
Italie - Albanie 2 - 1 Federico Chiesa
22%
Albanie - Espagne 0 - 1 Ferran Torres
22%
Écosse - Suisse 1 - 1 Manuel Akanji
22%
Pays-Bas - Autriche 2 - 3 Marcel Sabitzer
22%
Suisse - Italie 2 - 0 Ruben Vargas
22%
Pays-Bas - Angleterre 1 - 2 Ollie Watkins
19%
Roumanie - Ukraine 3 - 0 Nicolae Stanciu
15%
Portugal - Tchèquie 2 - 1 Vitinha
15%
Tchéquie - Turquie 1 - 2 Barış Alper Yılmaz
11%
Pologne - Autriche 1 - 3 Christoph Baumgartner
11%
Croatie - Albanie 2 - 2 Andrej Kramarić
7%
Géorgie - Tchéquie 1 - 1 Giorgi Mamardashvili
7%
Autriche - Turquie 1 - 2 Merih Demiral
7%
France - Pologne 1 - 1 Łukasz Skorupski
4%
Danemark - Angleterre 1 - 1 Pierre-Emile Højbjerg
4%
Écosse - Hongrie 0 - 1 Roland Sallai
4%
Belgique - Slovaquie 0 - 1 Stanislav Lobotka
4%
Slovaquie - Roumanie 1 - 1 Stanislav Lobotka
4%
Angleterre - Slovénie 0 - 0 Adam Gnezda Čerin
0%
Slovaquie - Ukraine 1 - 2 Mykola Chaparenko
0%
Pays-Bas - Turquie 2 - 1 Stefan De Vrij
0%
Slovénie - Serbie 1 - 1 Žan Karničnik
0%
Aucun quiz correspondant
Distribution des résultats
% des personnes avec chaque résultat
Percentile par nombre de réponses
Votre historique - résultats
Vous n’avez pas pris ce quiz depuis la dernière actualisation